Jaalavidya/ (Record no. 21228)

000 -LEADER
fixed length control field 00369nam a22001571a 4500
020 ## - INTERNATIONAL STANDARD BOOK NUMBER
ISBN 9788124003121
082 ## - DEWEY DECIMAL CLASSIFICATION NUMBER
Classification number M301
Item number SHO/J
100 ## - MAIN ENTRY--AUTHOR NAME
Personal name Sobha Warrier
245 ## - TITLE STATEMENT
Title Jaalavidya/
Statement of responsibility, etc by Sobha Warrier
260 ## - PUBLICATION, DISTRIBUTION, ETC. (IMPRINT)
Name of publisher Sobha Warrier,
Year of publication 1996.
Place of publication
300 ## - PHYSICAL DESCRIPTION
Number of Pages 75p.
650 ## - SUBJECT ADDED ENTRY--TOPICAL TERM
Topical Term Stories Malayalam
650 ## - SUBJECT ADDED ENTRY--TOPICAL TERM
Topical Term Literature Malayalam
650 ## - SUBJECT ADDED ENTRY--TOPICAL TERM
Topical Term Literature
942 ## - ADDED ENTRY ELEMENTS (KOHA)
Koha item type Book
Holdings
Withdrawn status Lost status Damaged status Not for loan Permanent Location Current Location Date acquired Cost, normal purchase price Full call number Accession Number Cost, replacement price Price effective from Koha item type
        Sree Sankaracharya University of Sanskrit Sree Sankaracharya University of Sanskrit 08.01.2015 21.00 M301 SHO/J 016408 0.00 08.01.2015 Book